ბათუმის შოთა რუსთაველის სახელმწიფო უნივერსიტეტის ბიბლიოთეკა

სვანური ენის ქრესტომათია (ბიბ.ჩანაწერი № 52460)

000 -LEADER
fixed length control field 00997nam a2200229Ia 4500
001 - CONTROL NUMBER
control field 19483
003 - CONTROL NUMBER IDENTIFIER
control field GE_BSU
008 - FIXED-LENGTH DATA ELEMENTS--GENERAL INFORMATION
fixed length control field 181216s||||||||xx |||||||||||||| ||und||
040 ## - CATALOGING SOURCE
Transcribing agency GE_BSU
080 ## - UNIVERSAL DECIMAL CLASSIFICATION NUMBER
Universal Decimal Classification number 811.353.2
245 ## - TITLE STATEMENT
Title სვანური ენის ქრესტომათია
245 ## - TITLE STATEMENT
Statement of responsibility, etc. ტექსტები შეკრიბეს ა. შანიძემ, მ. ქალდანმა და ზ. ჭუმბურიძემ ; ა. შანიძისა და მ. ქალდანის რედ.
250 ## - EDITION STATEMENT
Edition statement ძველი ქართული ენის კათედრის შრომები:21
260 ## - PUBLICATION, DISTRIBUTION, ETC.
Place of publication, distribution, etc. თბილისი
260 ## - PUBLICATION, DISTRIBUTION, ETC.
Name of publisher, distributor, etc. თბილ. უნ-ტის გამ-ბა და სტ.
260 ## - PUBLICATION, DISTRIBUTION, ETC.
Date of publication, distribution, etc. 1978
300 ## - PHYSICAL DESCRIPTION
Extent 368გვ;25სმ
653 ## - INDEX TERM--UNCONTROLLED
Uncontrolled term სვანური ენა
653 ## - INDEX TERM--UNCONTROLLED
Uncontrolled term სვანური ენის ქრესტომათია;
942 ## - ADDED ENTRY ELEMENTS (KOHA)
Koha item type წიგნი
ეგზემპლარები
Withdrawn status Lost status Damaged status Not for loan Date acquired Barcode Date last seen Price effective from Koha item type
        2018-12-17 48505 2018-12-17 2018-12-17 წიგნი